Simbola Romanorum Imperatorum Occidentis et Orientis, Regumque Hispaniarum, Galliarum, Anglorum, Scotorum, Lusitanorum, utriusque Siciliae, Hieruselimitarum, Hungarorum, Bohemorum, Pollonorum, Daniarum, Suevorum, Navarrorum etc. / foliace: 1r-49v : excellent quality

Other Authors: Strada, Ottavio, 1550-1612
Language: Latin
Published: Praha : Národní knihovna České republiky, 2004
Series: Memoriae mundi Series Bohemica
Online Access: Digitalizovaný dokument
Physical Description: 1 elektronický optický disk (CD-ROM) ; 12 cm
Electronic
Saved in:
LEADER 01883nmm a2200397 a 4500
001 000753780
003 CZ BrMZK
005 20210205102321.0
008 040209s2004 xr f lat d
040 |a BOA001  |b cze 
043 |a e-xr---  |b e-xr-jm  |2 czenas 
072 7 |a 027  |x Univerzální knihovny. Veřejné knihovny  |2 Konspekt  |9 12 
080 |a 027.53  |2 MRF 
080 |a 025  |2 MRF 
080 |a 091  |2 MRF 
080 |a (437.322)  |2 MRF 
080 |a (0.034.2)004.087  |2 MRF 
080 |a (0.034.44)  |2 MRF 
245 0 0 |a Simbola Romanorum Imperatorum Occidentis et Orientis, Regumque Hispaniarum, Galliarum, Anglorum, Scotorum, Lusitanorum, utriusque Siciliae, Hieruselimitarum, Hungarorum, Bohemorum, Pollonorum, Daniarum, Suevorum, Navarrorum etc. /  |c Per Octavianum de Strada, Civem Romanum S. Caes. M. tis Nobilem Aulicum  |h [elektronický zdroj] :  |b foliace: 1r-49v : excellent quality 
246 3 3 |a Rukopis Mk 51 
260 |a Praha :  |b Národní knihovna České republiky,  |c 2004 
300 |a 1 elektronický optický disk (CD-ROM) ;  |c 12 cm 
490 1 |a Memoriae mundi Series Bohemica 
500 |a Podrobný popis viz V. Dokoupil: Soupis rukopisů mikulovské dietrichsteinské knihovny. Praha 1958, s. 99 
610 2 7 |a Moravská zemská knihovna (Brno, Česko)  |7 kn20010709059  |2 czenas 
650 0 7 |a zemské knihovny  |7 ph127610  |z Česko  |2 czenas 
650 0 7 |a knihovní fondy  |7 ph121668  |z Česko  |2 czenas 
650 0 7 |a rukopisy  |7 ph116084  |z Česko  |2 czenas 
651 7 |a Brno (Česko)  |7 ge134084  |2 czenas 
655 7 |a interaktivní multimédia  |7 fd131998  |2 czenas 
655 7 |a CD-ROM  |7 fd133955  |2 czenas 
700 1 |a Strada, Ottavio,  |d 1550-1612  |7 ola2010590324  |4 oth 
830 0 |a Memoriae mundi Series Bohemica 
856 4 1 |u http://www.digitalniknihovna.cz/mzk/uuid/uuid:e2e590ad-fff9-400b-aab6-edea3c0f3c54  |y Digitalizovaný dokument 
910 |a BOA001  |b CDR-1144.707 
990 |a CF